000 00806nam a2200217Ii 4500
003 JO-AjNU
008 230605s9999||||xx |||||||||||||| ||und||
017 _a1990/640
040 _aJO-AjNU
_bara
_erda
_cJO-AjNU
041 _aara
050 1 4 _aBF1028.T3912 1990
100 3 _aنخبة من الاساتذة ،سليمان،سعد هادي/ترجمة ، الهاشمي،عقيلة/مراجعة,
_eauthor
_914215
245 0 0 _aالتزامنية
264 3 1 _aبغداد:الدار الوطنية للنشر والتوزيع والاعلان ، 1990
300 _a159ص
336 _atext
_btxt
_2rdacontent
337 _aunmediated
_bn
_2rdamedia
338 _avolume
_bnc
_2rdacarrier
490 0 _aسلسلة كتاب الباراسايكولوجي 8
650 4 _aعلم نفس الخوارق
_914216
999 _aA3738
_c7306
_d7306